| 000 | 00671nam a22002172 4500 | ||
|---|---|---|---|
| 001 | 0000024477 | ||
| 005 | 20151217152302.0 | ||
| 008 | 131218s xx 000 0 eng d | ||
| 020 | _a0199218523 : | ||
| 040 |
_aKABU _cKABU |
||
| 100 | 1 |
_aHober, Kaj. _@0000184645 |
|
| 245 | 1 | 0 |
_aInternational commercial arbitration in Sweden / _cKaj Hober. |
| 250 | _a1st ed. | ||
| 260 |
_aOxford : _bO. U. P., _c2011. |
||
| 300 | _axxix, 479 p. | ||
| 650 | 0 |
_aArbitration and award _zSweden. _@0000184646 |
|
| 650 | 0 |
_aArbitration and award, International. _@0000158689 |
|
| 852 | 1 | _9p20925 KES | |
| 908 | _a131218 | ||
| 950 | _@1 | ||
| 999 |
_c10298 _d10298 |
||